The bamboo organ of Las Piñas / (Record no. 289033)
[ view plain ]
| 000 -LEADER | |
|---|---|
| fixed length control field | 01060cam a2200277 a 4500 |
| 001 - CONTROL NUMBER | |
| control field | 14914435 |
| 003 - CONTROL NUMBER IDENTIFIER | |
| control field | PILC |
| 005 - DATE AND TIME OF LATEST TRANSACTION | |
| control field | 20160105123349.0 |
| 008 - FIXED-LENGTH DATA ELEMENTS--GENERAL INFORMATION | |
| fixed length control field | 070703s2006 ph a b 000 0 eng |
| 010 ## - LIBRARY OF CONGRESS CONTROL NUMBER | |
| LC control number | 2006425193 |
| 020 ## - INTERNATIONAL STANDARD BOOK NUMBER | |
| International Standard Book Number | 9719335602 |
| 040 ## - CATALOGING SOURCE | |
| Original cataloging agency | DLC |
| Transcribing agency | DLC |
| 042 ## - AUTHENTICATION CODE | |
| Authentication code | lcode |
| 043 ## - GEOGRAPHIC AREA CODE | |
| Geographic area code | a-ph--- |
| 050 00 - LIBRARY OF CONGRESS CALL NUMBER | |
| Classification number | ML 594.P55 |
| Item number | .Sa27 2006 |
| 100 1# - MAIN ENTRY--PERSONAL NAME | |
| Personal name | Samson, Helen F. |
| 245 14 - TITLE STATEMENT | |
| Title | The bamboo organ of Las Piñas / |
| Statement of responsibility, etc | by Helen Samson-Lauterwald. |
| 250 ## - EDITION STATEMENT | |
| Edition statement | 2nd edition, revised, and updated. |
| 260 ## - PUBLICATION, DISTRIBUTION, ETC. (IMPRINT) | |
| Place of publication, distribution, etc | Las Piñas, Metro Manila : |
| Name of publisher, distributor, etc | Bamboo Organ Foundation, |
| Date of publication, distribution, etc | 2006. |
| 300 ## - PHYSICAL DESCRIPTION | |
| Extent | xvii, 190 pages : |
| Other physical details | illustrations (some color) ; |
| Dimensions | 22 cm. |
| 500 ## - GENERAL NOTE | |
| General note | Includes bibliographical references. |
| 610 10 - SUBJECT ADDED ENTRY--CORPORATE NAME | |
| Corporate name or jurisdiction name as entry element | Las Piñas, Philippine Islands. |
| Subordinate unit | St. Joseph (Church) |
| General subdivision | Organs. |
| 906 ## - LOCAL DATA ELEMENT F, LDF (RLIN) | |
| a | 7 |
| b | cbc |
| c | origode |
| d | 3 |
| e | ncip |
| f | 20 |
| g | y-gencatlg |
| 942 ## - ADDED ENTRY ELEMENTS (KOHA) | |
| Source of classification or shelving scheme | Library of Congress Classification |
| Koha item type | Books |
| Call number prefix | Filipininana |
| Withdrawn status | Lost status | Source of classification or shelving scheme | Damaged status | Home library | Current library | Shelving location | Date acquired | Source of acquisition | Sub Shelving location | Total Checkouts | Full call number | Barcode | Date last seen | Price effective from | Koha item type |
|---|---|---|---|---|---|---|---|---|---|---|---|---|---|---|---|
| Library of Congress Classification | College Library | College Library | Filipiniana Section | 01/05/2016 | Donation | ML 594.P55 .Sa27 2006 | C20340 | 05/08/2018 | 01/05/2016 | Books |